La agitación obrera en Europa : (Record no. 180760)

MARC details
000 -LEADER
campo de control de longitud fija 00817nab a2200217 i 4500
001 - NÚMERO DE CONTROL
campo de control 180760
003 - IDENTIFICADOR DE NÚMERO DE CONTROL
campo de control ES-MaACL
005 - FECHA Y HORA DE LA ÚLTIMA TRANSACCIÓN
campo de control 20250827224928.0
008 - DATOS DE LONGITUD FIJA--INFORMACIÓN GENERAL
campo de control de longitud fija 120710s1913 sp 000 s spa d
040 ## - FUENTE DE CATALOGACIÓN
Centro/agencia transcriptor ES-MaACL
100 1# - ENTRADA PRINCIPAL--NOMBRE DE PERSONA
Nombre de persona Elorrieta y Artaza, Tomás,
Fechas asociadas al nombre 1883-1949
Término indicativo de función/relación Autor
9 (RLIN) 47088
245 13 - MENCIÓN DEL TÍTULO
Título La agitación obrera en Europa :
Resto del título conferencia en el Ateneo de Madrid /
Mención de responsabilidad, etc. por Tomás Elorrieta
300 ## - DESCRIPCIÓN FÍSICA
Extensión Páginas 1-16
594 ## - Nota al título y mención de responsabilidad
a Precede al título: Conferencias del Ateneo de Madrid, 1912
610 24 - PUNTO DE ACCESO ADICIONAL DE MATERIA--NOMBRE DE ENTIDAD CORPORATIVA
Nombre de entidad corporativa o nombre de jurisdicción como elemento de entrada Ateneo de Madrid-
Subdivisión de forma Conferencias-
Subdivisión cronológica 1900-1939
9 (RLIN) 1907
650 #0 - PUNTO DE ACCESO ADICIONAL DE MATERIA--TÉRMINO DE MATERIA
Término de materia o nombre geográfico como elemento de entrada Huelgas-
Subdivisión geográfica Europa
9 (RLIN) 226900
655 #0 - TERMINO DE INDIZACIÓN--GENERO/FORMA
Datos o término principal de género/forma Conferencias
9 (RLIN) 234444
773 0# - ASIENTO DE ITEM FUENTE
Título La Palabra : revista taquigráfica,
Número Internacional Normalizado para Publicaciones Seriadas ISSN 2479-7723,
Parte(s) relacionada(s) N. 4 (15 feb. 1913), p. 1-16
Número bibliográfico anfitrión 2879
Número de ítem anfitrión 2987
Número de control del registro 2879
942 ## - ELEMENTOS DE ENTRADA SECUNDARIOS (KOHA)
Tipo de ítem Koha Artículo de revista
Fuente del sistema de clasificación o colocación Clasificación decimal universal
Suprimir en OPAC No

No items available.